Dead or alive: (Record no. 9003)

000 -LEADER
fixed length control field 00536nam a2200181 a 4500
001 - CONTROL NUMBER
control field :::00006784$&:&@@
003 - CONTROL NUMBER IDENTIFIER
control field OkBaRHE
005 - DATE AND TIME OF LATEST TRANSACTION
control field 20000607103333.0
008 - FIXED-LENGTH DATA ELEMENTS--GENERAL INFORMATION
fixed length control field s1917 j 000 0 eng u
040 ## - CATALOGING SOURCE
Transcribing agency
100 1# - MAIN ENTRY--PERSONAL NAME
Personal name Agar, Frederick A.
245 10 - TITLE STATEMENT
Title Dead or alive:
Remainder of title a study of the local church.
260 ## - PUBLICATION, DISTRIBUTION, ETC. (IMPRINT)
Place of publication, distribution, etc New York, NY., :
Name of publisher, distributor, etc F. H. Revell
Date of publication, distribution, etc c1917
300 ## - PHYSICAL DESCRIPTION
Extent 86 p. ;
Dimensions 19 cm.
650 ## - SUBJECT ADDED ENTRY--TOPICAL TERM
Topical term or geographic name as entry element Church
942 ## - ADDED ENTRY ELEMENTS (KOHA)
Source of classification or shelving scheme
Koha item type Books
Copies
Full call number Date last seen Source of classification or shelving scheme Not for loan Lost status Shelving location Copy number Damaged status Price effective from Withdrawn status Koha item type Barcode Permanent Location Date acquired
BV 600 .A352010-04-14   General Stacks1 2010-04-14 Books6784RHEMA Bible Training College2010-04-14